History by Images - 'P' - Statistics

General Stats
  • This quiz has been taken 77 times
  • The average score is 8 of 16
Answer Stats
Picture Hint Answer % Correct
Built in 5th century BCE Parthenon
97%
Reclassified as dwarf planet in 2006 Pluto
97%
Used for writing in ancient Egypt Papyrus
91%
Painted by ___ Pablo Picasso
89%
Former emperor of all the Russias Peter the Great
88%
Khmer Rouge leader Pol Pot
84%
Capital of the Nabatean Kingdom Petra
73%
War between Sparta and Athens Peloponnesian
63%
Father of Alexander the Great Philip II
53%
Capital of the Achaemenid Empire Persepolis
34%
Former President of Germany Paul von Hindenburg
20%
Castle built in the 9th century Prague
20%
City nicknamed 'Oxford of the East' Pune
14%
Famous in antiquity for white marble quarries Paros
3%
Second tyrant of Corinth Periander
2%
9th century Indonesian Hindu temple Prambanan
2%
No matching quizzes found
Score Distribution
Percent of People with Each Score
Percentile by Number Answered
Your Score History
You have not taken this quiz